000 01459nam0a22003851 4500
001 v19\rc\1384963
005 20250618122137.0
035 _a(NLR Aleph) 004563424
090 _a2304200
_c2304200
100 _a20060512d1870 |||y0rusy50 ca
101 1 _arus
_ceng
102 _aRU
105 _ay z |||||
200 1 _aЧто такое Талмуд
_eЭтюд Эм. Дейтша, библиотекаря Брит. музея в Лондоне
_fПер. с 7-го изд. А.Е. Ландау
210 _aСанкт-Петербург
_cтип. А.К. Киркора
_d1870
215 _a[2], 105 с.
_d21
300 _aЗагл. оригинала: "What is the Talmud?"
300 _aПер. также под загл. "Талмуд"
451 0 _12001#$aТалмуд
_tТалмуд
454 0 _12001#$aWhat is the Talmud?
_tWhat is the Talmud?
700 1 _9z01790
_aДейч
_bЭ.О.
_f1829-1873
_gЭммануэль Оскар
702 1 _aЛандау
_bА.Е.
_gАдольф Ефимович
_4730
790 1 _9z01700
_aДойтш
_bЭ.О.М.
_f1829-1873
_gЭммануель Оскар Менахем
801 0 _aRU
_bNLR
_gpsbo
801 0 _aRU
_bRuMoRGB
_2psbo
801 1 _aRU
_bProSoft-M
_2rusmarc
852 _aNLR
_j18.121.3.70
899 _aRuMoRGB
_jU 409/233
899 _aRuMoRGB
_jE 108/238
899 _aRuMoRGB
_jM 85/1164
899 _aБАН
899 _aНБ СПбГУ
899 _aНБ МГУ
942 _cBOOK
980 _aNB